000 00482nam a2200181Ia 4500
005 20250508152133.0
008 008 250505s9999 xx 000 0 eng d
037 _aTextual
040 _aFEDL
_beng
_cFEDL
041 _aeng
_2eng
084 _a501, BRO
_qFEDL
100 _aRadcliffe-Brown A R
245 0 _aNatural science of society
260 _aGlencoe
_bThe Free Press
_c1957
300 _axii,156p.
942 _cTEXL
_h501, BRO
999 _c1334508
_d1334508